[Event "Laval XXI"]
[Site "Laval CAN"]
[Date "2004.04.17"]
[Round "3"]
[White "Arseneault, Marc"]
[Black "Thibault, Jean"]
[Result "1-0"]
[WhiteElo "1433"]
[BlackElo "1332"]
[PlyCount "85"]
[GameId "2160767911166694"]
[EventDate "2004.04.16"]
[EventType "swiss"]
[EventRounds "5"]
[EventCountry "CAN"]
[SourceTitle "EXT 2005"]
[Source "ChessBase"]
[SourceDate "2004.11.15"]
[SourceVersion "1"]
[SourceVersionDate "2004.11.15"]
[SourceQuality "1"]

1. d4 f5 2. c4 Nf6 3. Nc3 e6 4. Nf3 d5 5. Bf4 c6 6. e3 Bd6 7. Bxd6 Qxd6 8. cxd5 exd5 9. Bd3 O-O 10. Qc2 Ne4 11. Ne5 Qh6 12. O-O-O Be6 13. Qe2 Nd7 14. f4 a6 15. Rdg1 Nxe5 16. dxe5 c5 17. Bxe4 dxe4 18. h3 Rad8 19. Rd1 Qh4 20. Na4 Bxa2 21. b4 cxb4 22. Qxa2+ Kh8 23. Rd6 Qe7 24. Rhd1 Rc8+ 25. Kd2 Qh4 26. Ke2 Qg3 27. Rg1 b5 28. Nb6 Rc3 29. Qd2 g5 30. Nd7 Rfc8 31. Nf6 Rc2 32. Rd8+ Kg7 33. Nh5+ Kf7 34. Nxg3 Rxd2+ 35. Rxd2 gxf4 36. exf4 Ke6 37. Rd6+ Kf7 38. Rxa6 b3 39. Rb1 Rc2+ 40. Kf1 b2 41. Ne2 b4 42. Ra2 e3 43. Raxb2 1-0

[Event "Laval XXI"]
[Site "Laval CAN"]
[Date "2004.04.17"]
[Round "3"]
[White "Bolduc, Steve"]
[Black "Larochelle, Martial"]
[Result "1/2-1/2"]
[WhiteElo "2323"]
[BlackElo "2178"]
[PlyCount "58"]
[GameId "2160767911166695"]
[EventDate "2004.04.16"]
[EventType "swiss"]
[EventRounds "5"]
[EventCountry "CAN"]
[SourceTitle "EXT 2005"]
[Source "ChessBase"]
[SourceDate "2004.11.15"]
[SourceVersion "1"]
[SourceVersionDate "2004.11.15"]
[SourceQuality "1"]

1. d4 d5 2. c4 Nc6 3. Nf3 Bg4 4. cxd5 Bxf3 5. gxf3 Qxd5 6. e3 e6 7. Nc3 Qh5 8. f4 Qxd1+ 9. Kxd1 O-O-O 10. Ke2 Nf6 11. Bg2 Ne7 12. Bd2 h6 13. Rhc1 Kb8 14. b4 Ned5 15. Nxd5 exd5 16. a4 g5 17. fxg5 hxg5 18. h3 Ne4 19. Be1 f5 20. b5 Bd6 21. a5 g4 22. hxg4 fxg4 23. Kd3 Rde8 24. Rc2 Rh2 25. f3 gxf3 26. Bxf3 Rh3 27. Bg2 Rh2 28. Bf3 Rh3 29. Bg2 Rh2 1/2-1/2

[Event "Laval XXI"]
[Site "Laval CAN"]
[Date "2004.04.17"]
[Round "3"]
[White "Luksza, Arkadiusz"]
[Black "Sauve, Richard"]
[Result "0-1"]
[WhiteElo "2237"]
[BlackElo "1946"]
[PlyCount "101"]
[GameId "2160767911166697"]
[EventDate "2004.04.16"]
[EventType "swiss"]
[EventRounds "5"]
[EventCountry "CAN"]
[SourceTitle "EXT 2005"]
[Source "ChessBase"]
[SourceDate "2004.11.15"]
[SourceVersion "1"]
[SourceVersionDate "2004.11.15"]
[SourceQuality "1"]

1. Nf3 e6 2. c4 d5 3. d4 c6 4. e3 Nf6 5. Nc3 Nbd7 6. Qc2 a6 7. b3 b5 8. Be2 Bb7 9. O-O Be7 10. Ne5 Nxe5 11. dxe5 Nd7 12. f4 O-O 13. Bd3 f5 14. Be2 Rc8 15. Nd1 Qb6 16. Rb1 Rfd8 17. Kh1 c5 18. cxd5 Bxd5 19. Nc3 Bc6 20. Bf3 c4 21. b4 Bxf3 22. Rxf3 Kh8 23. e4 g6 24. exf5 gxf5 25. Be3 Qc6 26. Ne2 Nf8 27. Nd4 Qe4 28. Qxe4 fxe4 29. Rff1 c3 30. f5 c2 31. Rbc1 Bxb4 32. Nxc2 Bd2 33. Bxd2 Rxd2 34. Ne3 Rxc1 35. Rxc1 Rxa2 36. g4 b4 37. Rc8 b3 38. fxe6 b2 39. Rxf8+ Kg7 40. Rf7+ Kg8 41. Rb7 Ra1+ 42. Kg2 b1=Q 43. Rxb1 Rxb1 44. Kg3 Rb6 45. e7 Kf7 46. Kf4 Rh6 47. Nf5 Rxh2 48. e6+ Ke8 49. Ke5 e3 50. Nxe3 Re2 51. Kd4 0-1

[Event "Laval XXI"]
[Site "Laval CAN"]
[Date "2004.04.18"]
[Round "4"]
[White "Matteau, Pierre"]
[Black "Arseneault, Marc"]
[Result "0-1"]
[WhiteElo "1303"]
[BlackElo "1433"]
[PlyCount "45"]
[GameId "2160767911166702"]
[EventDate "2004.04.16"]
[EventType "swiss"]
[EventRounds "5"]
[EventCountry "CAN"]

1. d4 Nf6 2. c4 e6 3. Nc3 d5 4. Nf3 c5 5. e3 Nc6 6. cxd5 exd5 7. Be2 Bd6 8. O-O a6 9. b3 O-O 10. Bb2 cxd4 11. exd4 Re8 12. a3 b5 13. b4 Bb7 14. Re1 Rc8 15. g3 Qd7 16. Kg2 Ne7 17. Bd3 Ng6 18. Qc2 Ne4 19. Nd2 Nh4+ 20. Kg1 Qh3 21. Bxe4 dxe4 22. gxh4 Bxh2+ 23. Kh1 0-1

[Event "Laval XXI"]
[Site "Laval CAN"]
[Date "2004.04.18"]
[Round "4"]
[White "Rodriguez, Aaron"]
[Black "Bolduc, Steve"]
[Result "0-1"]
[WhiteElo "1739"]
[BlackElo "2323"]
[PlyCount "80"]
[GameId "2160767911166703"]
[EventDate "2004.04.16"]
[EventType "swiss"]
[EventRounds "5"]
[EventCountry "CAN"]
[SourceTitle "EXT 2005"]
[Source "ChessBase"]
[SourceDate "2004.11.15"]
[SourceVersion "1"]
[SourceVersionDate "2004.11.15"]
[SourceQuality "1"]

1. e4 c5 2. Nf3 Nc6 3. d4 cxd4 4. Nxd4 g6 5. Nc3 Bg7 6. Be3 Nf6 7. f3 O-O 8. Qd2 d5 9. exd5 Nxd5 10. Nxc6 bxc6 11. Nxd5 cxd5 12. c3 e5 13. Rd1 d4 14. cxd4 exd4 15. Bxd4 Bxd4 16. Qxd4 Qg5 17. f4 Qe7+ 18. Kf2 Bg4 19. Re1 Qc7 20. Qe5 Qc2+ 21. Kg3 Bd7 22. Ba6 Bc6 23. Qe2 Qc5 24. Rc1 Qb6 25. Rhe1 Rfe8 26. Qd3 Rad8 27. Rxe8+ Rxe8 28. Rc3 Qg1 29. Qf1 Re3+ 30. Rxe3 Qxe3+ 31. Kh4 h6 32. g4 Bf3 33. h3 Qxf4 34. Be2 g5+ 35. Kh5 Qf6 36. Bd3 Kg7 37. Qb1 Bc6 38. Qc2 Be8 39. Qc3 Qxc3 40. bxc3 f5# 0-1

[Event "Laval XXI"]
[Site "Laval CAN"]
[Date "2004.04.18"]
[Round "5"]
[White "Auger, Bertrand"]
[Black "Sauve, Richard"]
[Result "1-0"]
[WhiteElo "2007"]
[BlackElo "1924"]
[PlyCount "43"]
[GameId "2160767911166705"]
[EventDate "2004.04.16"]
[EventType "swiss"]
[EventRounds "5"]
[EventCountry "CAN"]
[SourceTitle "EXT 2005"]
[Source "ChessBase"]
[SourceDate "2004.11.15"]
[SourceVersion "1"]
[SourceVersionDate "2004.11.15"]
[SourceQuality "1"]

1. Nf3 e6 2. g3 d5 3. d4 Nf6 4. Bg2 Nbd7 5. O-O Bd6 6. b3 O-O 7. Bb2 c5 8. Nbd2 b6 9. Re1 Bb7 10. e3 Rc8 11. Ne5 Qc7 12. Nxd7 Nxd7 13. dxc5 Qxc5 14. Nc4 dxc4 15. Bxb7 Rc7 16. Bd4 Qa3 17. Bg2 e5 18. Bb2 Qxb2 19. Qxd6 Rfc8 20. Bh3 cxb3 21. cxb3 Rc1 22. Qxd7 1-0

[Event "Laval XXI"]
[Site "Laval CAN"]
[Date "2004.04.18"]
[Round "5"]
[White "Luksza, Arkadiusz"]
[Black "Libersan, Thierry"]
[Result "1-0"]
[WhiteElo "2237"]
[BlackElo "2077"]
[PlyCount "47"]
[GameId "2160767911166709"]
[EventDate "2004.04.16"]
[EventType "swiss"]
[EventRounds "5"]
[EventCountry "CAN"]
[SourceTitle "EXT 2005"]
[Source "ChessBase"]
[SourceDate "2004.11.15"]
[SourceVersion "1"]
[SourceVersionDate "2004.11.15"]
[SourceQuality "1"]

1. Nf3 Nf6 2. c4 g6 3. Nc3 Bg7 4. e4 d6 5. d4 O-O 6. Be2 e5 7. d5 a5 8. Nd2 Ne8 9. g4 f5 10. gxf5 gxf5 11. exf5 Bxf5 12. Nde4 h6 13. Be3 Nd7 14. Ng3 Bh7 15. Nh5 Qh4 16. Qd2 Ndf6 17. Nxg7 Nxg7 18. Rg1 Kh8 19. Bxh6 Rf7 20. Bg5 Qh3 21. O-O-O Nf5 22. Bxf6+ Rxf6 23. Ne4 Rh6 24. Ng5 1-0

[Event "Laval XXI"]
[Site "Laval CAN"]
[Date "2004.04.18"]
[Round "5"]
[White "Robichaud, Louis"]
[Black "Gauthier, Denis"]
[Result "1/2-1/2"]
[WhiteElo "2049"]
[BlackElo "2043"]
[PlyCount "61"]
[GameId "2160767911166710"]
[EventDate "2004.04.16"]
[EventType "swiss"]
[EventRounds "5"]
[EventCountry "CAN"]
[SourceTitle "EXT 2005"]
[Source "ChessBase"]
[SourceDate "2004.11.15"]
[SourceVersion "1"]
[SourceVersionDate "2004.11.15"]
[SourceQuality "1"]

1. e4 d5 2. exd5 Nf6 3. d4 Bg4 4. Nf3 Qxd5 5. Be2 Nc6 6. O-O O-O-O 7. c4 Qd7 8. d5 Bxf3 9. Bxf3 Ne5 10. Be2 e6 11. Nc3 exd5 12. cxd5 Nxd5 13. Nxd5 Qxd5 14. Qc2 Bd6 15. Be3 Kb8 16. f4 Nc6 17. Bc4 Qh5 18. Be2 Qa5 19. Bf3 Rhe8 20. Bf2 Qb5 21. b4 Bxf4 22. a4 Qd3 23. Qxd3 Rxd3 24. Bxc6 bxc6 25. Bxa7+ Kxa7 26. Rxf4 f6 27. Rc4 Re2 28. Rxc6 Kb8 29. Rac1 Rdd2 30. Rxc7 Rxg2+ 31. Kf1 1/2-1/2

[Event "Laval XXI"]
[Site "Laval CAN"]
[Date "2004.04.18"]
[Round "5"]
[White "Tremblay, Alain"]
[Black "Rodriguez, Aaron"]
[Result "0-1"]
[WhiteElo "2094"]
[BlackElo "1739"]
[PlyCount "49"]
[GameId "2160767911166712"]
[EventDate "2004.04.16"]
[EventType "swiss"]
[EventRounds "5"]
[EventCountry "CAN"]
[SourceTitle "EXT 2005"]
[Source "ChessBase"]
[SourceDate "2004.11.15"]
[SourceVersion "1"]
[SourceVersionDate "2004.11.15"]
[SourceQuality "1"]

1. e4 g6 2. d4 Bg7 3. Be2 d6 4. Nf3 Nf6 5. Nc3 O-O 6. O-O Nbd7 7. e5 Ne8 8. a4 c6 9. Bf4 dxe5 10. dxe5 Nc7 11. a5 Ne6 12. Bg3 Qc7 13. Re1 Nxe5 14. Kh1 Nc5 15. Bc4 Ncd7 16. Qe2 b5 17. axb6 Qxb6 18. Nxe5 Nxe5 19. Bxe5 Bxe5 20. Qxe5 Qxf2 21. Re2 Qb6 22. Ne4 Bf5 23. Qxe7 Qxb2 24. Rf1 Rad8 25. Bxf7+ 0-1

[Event "Little Mtn vs Croatians"]
[Site "Vancouver CAN"]
[Date "2004.02.08"]
[Round "?"]
[White "Niksic, John"]
[Black "Wright, Stephen"]
[Result "0-1"]
[WhiteElo "2099"]
[BlackElo "2214"]
[PlyCount "76"]
[GameId "2160767911192072"]
[EventDate "2004.02.08"]
[EventType "team"]
[EventRounds "1"]
[EventCountry "CAN"]
[SourceTitle "EXT 2006"]
[Source "ChessBase"]
[SourceDate "2005.11.24"]
[SourceVersion "1"]
[SourceVersionDate "2005.11.24"]
[SourceQuality "1"]

1. d4 f5 2. g3 Nf6 3. Bg2 g6 4. Nf3 Bg7 5. O-O O-O 6. c4 d6 7. Nc3 Nc6 8. b3 Ne4 9. Bb2 e5 10. d5 Nxc3 11. Bxc3 Ne7 12. e4 Qe8 13. c5 h6 14. Nd2 f4 15. Nc4 Qd8 16. f3 g5 17. cxd6 cxd6 18. Bb4 Rf6 19. Qc1 Bf8 20. a4 Ng6 21. Qa3 g4 22. Rac1 h5 23. a5 h4 24. Rc3 hxg3 25. fxg4 gxh2+ 26. Kh1 Bxg4 27. Bh3 Qd7 28. Kxh2 f3 29. Rfxf3 Nf4 30. Bxg4 Qxg4 31. Rg3 Rh6+ 32. Kg1 Ne2+ 33. Kg2 Nf4+ 34. Kg1 Ne2+ 35. Kg2 Nf4+ 36. Kf2 Rh2+ 37. Kg1 Rg2+ 38. Kf1 Rxg3 0-1

[Event "London op"]
[Site "London CAN"]
[Date "2004.01.08"]
[Round "1"]
[White "Mandoshkin, Jake"]
[Black "Guttman, Richard"]
[Result "1-0"]
[WhiteElo "2023"]
[BlackElo "1850"]
[PlyCount "67"]
[GameId "2160767911208926"]
[EventDate "2004.01.08"]
[EventType "swiss"]
[EventRounds "8"]
[EventCountry "CAN"]

1. e4 e6 2. d4 d5 3. e5 c5 4. c3 Nc6 5. Nf3 Qb6 6. Be2 cxd4 7. cxd4 Nge7 8. Na3 Nf5 9. Nc2 Bd7 10. O-O Rc8 11. g4 Nh6 12. Nfe1 Be7 13. Kh1 f5 14. Bxh6 gxh6 15. gxf5 exf5 16. Bh5+ Kd8 17. Bf7 Kc7 18. Bxd5 Qb5 19. Ne3 f4 20. Bc4 Qxb2 21. Nd5+ Kb8 22. Nxe7 Nxe7 23. Rb1 Qc3 24. Be2 Bh3 25. Bf3 b6 26. Rg1 Rhg8 27. Rxg8 Rxg8 28. Qd3 Qxd3 29. Nxd3 Bf5 30. Rd1 Ng6 31. Nb4 Nh4 32. Bd5 Rg5 33. Rc1 Bh3 34. Na6# 1-0

[Event "London op"]
[Site "London CAN"]
[Date "2004.01.08"]
[Round "1"]
[White "Zendrowski, Jay"]
[Black "Harris, Mike"]
[Result "1-0"]
[WhiteElo "2252"]
[BlackElo "1997"]
[PlyCount "47"]
[GameId "2160767911208927"]
[EventDate "2004.01.08"]
[EventType "swiss"]
[EventRounds "8"]
[EventCountry "CAN"]

1. e4 b6 2. d4 Bb7 3. Nc3 e6 4. a3 d6 5. Nf3 Nd7 6. Bd3 c5 7. Qe2 Ngf6 8. Bg5 h6 9. Bd2 Be7 10. O-O-O a6 11. Kb1 Qc7 12. e5 dxe5 13. dxe5 Ng4 14. Be4 h5 15. Bg5 Rd8 16. Bxb7 Qxb7 17. Ne4 f6 18. exf6 gxf6 19. h3 Nh6 20. Nxf6+ Nxf6 21. Qxe6 Nhg8 22. Ne5 Rxd1+ 23. Rxd1 Rh7 24. Rd6 1-0

[Event "London op"]
[Site "London CAN"]
[Date "2004.01.15"]
[Round "2"]
[White "Coleman, Mike"]
[Black "Zendrowski, Jay"]
[Result "1/2-1/2"]
[WhiteElo "2102"]
[BlackElo "2252"]
[PlyCount "81"]
[GameId "2160767911208928"]
[EventDate "2004.01.08"]
[EventType "swiss"]
[EventRounds "8"]
[EventCountry "CAN"]

1. e4 c5 2. Nf3 Nc6 3. d4 cxd4 4. Nxd4 Nf6 5. Nc3 e5 6. Ndb5 d6 7. Bg5 a6 8. Na3 b5 9. Nd5 Be7 10. Nxe7 Nxe7 11. Bxf6 gxf6 12. c4 Rb8 13. cxb5 O-O 14. Qd2 Qb6 15. Nc4 Qxb5 16. a4 Qc6 17. f3 d5 18. exd5 Nxd5 19. Rc1 Ne7 20. Be2 Qb7 21. O-O Be6 22. Qh6 f5 23. Qg5+ Ng6 24. Rcd1 Kg7 25. Bd3 h6 26. Qe3 f4 27. Qe2 Bxc4 28. Bxc4 a5 29. Bb5 Rfd8 30. Rxd8 Rxd8 31. Rc1 Qa7+ 32. Kf1 Qd4 33. Rc3 Qb4 34. g3 Rd4 35. Qc2 Qd6 36. Rd3 Qd5 37. Kg2 e4 38. Rxd4 exf3+ 39. Kf1 Qxd4 40. Qc3 Qxc3 41. bxc3 1/2-1/2

[Event "London op"]
[Site "London CAN"]
[Date "2004.01.15"]
[Round "2"]
[White "Dobrishman, Liat"]
[Black "Fragakos, Angelo"]
[Result "0-1"]
[WhiteElo "1860"]
[BlackElo "1923"]
[PlyCount "48"]
[GameId "2160767911208929"]
[EventDate "2004.01.08"]
[EventType "swiss"]
[EventRounds "8"]
[EventCountry "CAN"]

1. d4 d5 2. c4 e5 3. dxe5 d4 4. Nf3 Nc6 5. g3 Be6 6. b3 Bb4+ 7. Nbd2 Bc3 8. Ba3 Bxa1 9. Qxa1 Qd7 10. Ne4 b6 11. Bg2 Bf5 12. Ned2 Rd8 13. O-O Nge7 14. Re1 O-O 15. Bb2 Ng6 16. e4 Be6 17. Rd1 Bg4 18. h3 Bxh3 19. Kh2 Bxg2 20. Kxg2 Ngxe5 21. Rh1 f5 22. exf5 Nxf3 23. Nxf3 Qxf5 24. Qd1 Ne5 0-1

[Event "London op"]
[Site "London CAN"]
[Date "2004.01.15"]
[Round "2"]
[White "Ehrman, Carl"]
[Black "Mandoshkin, Jake"]
[Result "1-0"]
[WhiteElo "2201"]
[BlackElo "2023"]
[PlyCount "67"]
[GameId "2160767911208930"]
[EventDate "2004.01.08"]
[EventType "swiss"]
[EventRounds "8"]
[EventCountry "CAN"]

1. c4 e5 2. Nc3 Nc6 3. g3 f5 4. Bg2 Nf6 5. e3 Be7 6. d4 e4 7. a3 d5 8. c5 Be6 9. Nh3 Qd7 10. b4 h6 11. Nf4 g5 12. Ng6 Rg8 13. Nxe7 Nxe7 14. b5 Ng6 15. Bf1 h5 16. c6 Qc8 17. cxb7 Qxb7 18. Na4 Kf7 19. Nc5 Qc8 20. Qc2 h4 21. Bd2 Ne7 22. Rc1 hxg3 23. hxg3 Rh8 24. Rxh8 Qxh8 25. Nxe6 Kxe6 26. Qxc7 Kf7 27. Bb4 Nfg8 28. Qb7 Re8 29. Rc7 f4 30. Qxd5+ Kf8 31. Qxg5 fxe3 32. fxe3 Qh2 33. Bxe7+ Nxe7 34. Qf6+ 1-0

[Event "London op"]
[Site "London CAN"]
[Date "2004.01.15"]
[Round "2"]
[White "Jackson, David"]
[Black "Giurgiu, Nicolas"]
[Result "0-1"]
[WhiteElo "2111"]
[BlackElo "1930"]
[PlyCount "46"]
[GameId "2160767911208931"]
[EventDate "2004.01.08"]
[EventType "swiss"]
[EventRounds "8"]
[EventCountry "CAN"]

1. e4 e5 2. d4 exd4 3. Bc4 Nc6 4. Nf3 d6 5. c3 Ne5 6. Nxe5 dxe5 7. O-O Nf6 8. f4 Bc5 9. Qe1 dxc3+ 10. Kh1 c2 11. Nc3 Qd4 12. Nb5 Qxc4 13. Nxc7+ Ke7 14. fxe5 Nxe4 15. Be3 Bxe3 16. Qxe3 Qxc7 17. Qxe4 Be6 18. Rac1 Rac8 19. Qb4+ Qc5 20. Qxb7+ Rc7 21. Qe4 Qc4 22. Qe3 h6 23. Rf2 Rd8 0-1

[Event "London op"]
[Site "London CAN"]
[Date "2004.01.22"]
[Round "3"]
[White "Fragakos, Angelo"]
[Black "Rivas, Edgar"]
[Result "1/2-1/2"]
[WhiteElo "1923"]
[BlackElo "1762"]
[PlyCount "104"]
[GameId "2160767911208932"]
[EventDate "2004.01.08"]
[EventType "swiss"]
[EventRounds "8"]
[EventCountry "CAN"]

1. e4 c6 2. d4 d5 3. e5 Bf5 4. g4 Be4 5. f3 Bg6 6. h4 h6 7. e6 Qd6 8. exf7+ Bxf7 9. Ne2 Nd7 10. Bf4 e5 11. Bg3 Qe7 12. Bh3 exd4 13. O-O O-O-O 14. Nxd4 Qb4 15. Qd2 Qxd2 16. Nxd2 Bc5 17. N2b3 Bb6 18. Rfe1 Ngf6 19. Re7 Rhf8 20. g5 Nh5 21. Bd6 Be8 22. Bc5 Nf4 23. Bg4 h5 24. Bxd7+ Bxd7 25. Rxg7 Rg8 26. Rxg8 Rxg8 27. Re1 Ng6 28. Kf2 Nxh4 29. Rh1 Ng6 30. Rxh5 Nf4 31. Rh4 Nh3+ 32. Rxh3 Bxh3 33. Kg3 Bd7 34. f4 Bc7 35. Kf3 Be8 36. Ne6 Bh5+ 37. Kg3 Bf7 38. Nxc7 Kxc7 39. Kg4 a6 40. f5 b6 41. Be3 c5 42. Nd2 Kd7 43. Nf3 Ke7 44. Bf4 d4 45. b3 b5 46. Be5 Bd5 47. Bf6+ Ke8 48. Ne5 c4 49. Kf4 a5 50. g6 a4 51. bxc4 bxc4 52. a3 d3 1/2-1/2

[Event "London op"]
[Site "London CAN"]
[Date "2004.01.22"]
[Round "3"]
[White "Mandoshkin, Jake"]
[Black "Badulescu, Dan"]
[Result "1-0"]
[WhiteElo "2023"]
[BlackElo "1791"]
[PlyCount "77"]
[GameId "2160767911208933"]
[EventDate "2004.01.08"]
[EventType "swiss"]
[EventRounds "8"]
[EventCountry "CAN"]

1. e4 g6 2. d4 Bg7 3. Nc3 d6 4. Be2 Nf6 5. h4 c5 6. dxc5 Qa5 7. Qd3 Qxc5 8. Be3 Qa5 9. Qb5+ Qxb5 10. Nxb5 Kd7 11. e5 Nd5 12. exd6 Nxe3 13. fxe3 Bxb2 14. Rb1 Be5 15. Nc7 Bg3+ 16. Kf1 Bxd6 17. Nxa8 Nc6 18. h5 Nb4 19. Bd3 Nd5 20. hxg6 fxg6 21. Nf3 Nxe3+ 22. Kf2 Nf5 23. Rb5 e6 24. Ne5+ Ke8 25. Nxg6 Rg8 26. Bxf5 exf5 27. Re1+ Kf7 28. Ne5+ Kf6 29. Rd5 Ke6 30. Rd3 Bc5+ 31. Kf3 b6 32. Ng4+ Kf7 33. Nh6+ Kg7 34. Nxg8 Bb7+ 35. Kf4 Bxa8 36. Rd7+ Kxg8 37. Re8+ Bf8 38. Rxa8 Kh8 39. Rxf8# 1-0

[Event "London op"]
[Site "London CAN"]
[Date "2004.01.22"]
[Round "3"]
[White "Zendrowski, Jay"]
[Black "Giurgiu, Nicolas"]
[Result "1-0"]
[WhiteElo "2252"]
[BlackElo "1930"]
[PlyCount "35"]
[GameId "2160767911208934"]
[EventDate "2004.01.08"]
[EventType "swiss"]
[EventRounds "8"]
[EventCountry "CAN"]

1. e4 e5 2. Nf3 Nc6 3. Bc4 Nf6 4. d4 exd4 5. O-O Be7 6. e5 Ne4 7. Re1 Nc5 8. Nxd4 Nxd4 9. Qxd4 Ne6 10. Qg4 Ng5 11. Qg3 g6 12. Nc3 O-O 13. Nd5 Ne6 14. Bh6 Ng7 15. Qc3 Bc5 16. Bxg7 Kxg7 17. e6+ f6 18. e7 1-0

[Event "London op"]
[Site "London CAN"]
[Date "2004.02.05"]
[Round "4"]
[White "Fragakos, Angelo"]
[Black "Van der Velde, Bill"]
[Result "1-0"]
[WhiteElo "1923"]
[BlackElo "1821"]
[PlyCount "57"]
[GameId "2160767911208935"]
[EventDate "2004.01.08"]
[EventType "swiss"]
[EventRounds "8"]
[EventCountry "CAN"]

1. e4 c5 2. b4 cxb4 3. a3 e6 4. axb4 Bxb4 5. c3 Be7 6. d4 d6 7. Qg4 e5 8. Qg3 Bf6 9. Nf3 Qc7 10. Bg5 Bxg5 11. Qxg5 f6 12. Qh5+ Qf7 13. Bb5+ Bd7 14. Qh3 Kd8 15. Bxd7 Nxd7 16. O-O Ne7 17. Na3 h5 18. Nb5 Nc8 19. Nh4 g6 20. f4 exf4 21. Rxf4 g5 22. Rff1 gxh4 23. e5 dxe5 24. dxe5 Nxe5 25. Qxh4 Ke7 26. Rae1 Rh6 27. Qb4+ Kd8 28. Rxe5 Nb6 29. Rd1+ 1-0

[Event "London op"]
[Site "London CAN"]
[Date "2004.02.05"]
[Round "4"]
[White "Giurgiu, Nicolas"]
[Black "Thomas, Daniel"]
[Result "0-1"]
[WhiteElo "1930"]
[BlackElo "2201"]
[PlyCount "100"]
[GameId "2160767911208936"]
[EventDate "2004.01.08"]
[EventType "swiss"]
[EventRounds "8"]
[EventCountry "CAN"]

1. e4 c5 2. Nf3 Nc6 3. d4 cxd4 4. Nxd4 e5 5. Nb5 d6 6. c4 Nf6 7. N1c3 a6 8. Na3 Be7 9. Be2 O-O 10. O-O Nd4 11. Nc2 Nxe2+ 12. Qxe2 Be6 13. b3 Rc8 14. Bb2 Qa5 15. Ne3 b5 16. Ned5 Bxd5 17. Nxd5 Nxd5 18. cxd5 Bg5 19. g3 Bd2 20. Rfd1 Bc3 21. Rdc1 Bxb2 22. Qxb2 Qb4 23. Rxc8 Rxc8 24. Rc1 Rc5 25. Rxc5 Qxc5 26. a3 f5 27. exf5 Qxd5 28. Qc2 Qb7 29. Kf1 Kf7 30. Ke2 Kf6 31. f3 d5 32. g4 d4 33. h4 h6 34. Qc5 Qe7 35. Qc6+ Kf7 36. Qxa6 Qc5 37. Qg6+ Kf8 38. f6 gxf6 39. Qxf6+ Ke8 40. Qg6+ Kd8 41. g5 Qc3 42. Qd3 Qb2+ 43. Kd1 hxg5 44. hxg5 Qa1+ 45. Kd2 Qb2+ 46. Qc2 Qxa3 47. g6 Qb4+ 48. Ke2 Qf8 49. Qc6 Qf4 50. Qe4 Qxe4+ 0-1

[Event "London op"]
[Site "London CAN"]
[Date "2004.02.05"]
[Round "4"]
[White "Jackson, David"]
[Black "Rivas, Edgar"]
[Result "1-0"]
[WhiteElo "2111"]
[BlackElo "1762"]
[PlyCount "81"]
[GameId "2160767911208937"]
[EventDate "2004.01.08"]
[EventType "swiss"]
[EventRounds "8"]
[EventCountry "CAN"]

1. e4 c6 2. f4 d5 3. e5 Bf5 4. Nf3 e6 5. d4 a6 6. Be2 c5 7. O-O Nc6 8. c3 cxd4 9. cxd4 Bb4 10. Nbd2 Nge7 11. Nb3 Ng6 12. a3 Be7 13. Be3 Rc8 14. Rc1 h6 15. Nc5 Bxc5 16. Rxc5 O-O 17. b4 Na7 18. Qa4 Qb6 19. Rfc1 Rxc5 20. Rxc5 Rd8 21. Nd2 Nf8 22. g4 Bg6 23. Qb3 Nd7 24. f5 Nxc5 25. dxc5 Qc7 26. fxg6 Qxe5 27. gxf7+ Kxf7 28. Nf3 Qe4 29. Nd2 Qe5 30. Qd3 Kg8 31. Bf2 Nb5 32. Nf3 Qa1+ 33. Kg2 Qxa3 34. Qg6 Nc7 35. Bd4 Rd7 36. Bd3 Kf8 37. c6 bxc6 38. Bc5+ Re7 39. Bxe7+ Kxe7 40. Qxg7+ Kd8 41. Ne5 1-0

[Event "London op"]
[Site "London CAN"]
[Date "2004.02.05"]
[Round "4"]
[White "Zendrowski, Jay"]
[Black "Wang, David"]
[Result "1-0"]
[WhiteElo "2252"]
[BlackElo "2031"]
[PlyCount "59"]
[GameId "2160767911208938"]
[EventDate "2004.01.08"]
[EventType "swiss"]
[EventRounds "8"]
[EventCountry "CAN"]

1. d4 d5 2. Nf3 c5 3. g3 Nf6 4. Bg2 e6 5. O-O Nc6 6. c3 Be7 7. Bg5 cxd4 8. Nxd4 Nxd4 9. Qxd4 O-O 10. c4 h6 11. Bf4 dxc4 12. Qxc4 Qb6 13. Nc3 Bd7 14. Be3 Qa5 15. Rfd1 Rac8 16. Qb3 Bb4 17. Bd4 e5 18. Bxe5 Be6 19. Nd5 Ng4 20. Bxg7 Kxg7 21. Qxb4 Qxb4 22. Nxb4 a5 23. Nd3 b6 24. a3 Rc2 25. Rac1 Rxe2 26. Bf3 Re5 27. Bxg4 Bxg4 28. Nxe5 Bxd1 29. Rxd1 Re8 30. f4 1-0

[Event "London op"]
[Site "London CAN"]
[Date "2004.02.12"]
[Round "5"]
[White "Ehrman, Carl"]
[Black "Zendrowski, Jay"]
[Result "0-1"]
[WhiteElo "2201"]
[BlackElo "2252"]
[PlyCount "96"]
[GameId "2160767911208939"]
[EventDate "2004.01.08"]
[EventType "swiss"]
[EventRounds "8"]
[EventCountry "CAN"]

1. b3 d5 2. Bb2 Bg4 3. Nf3 Nd7 4. e3 e5 5. h3 Bxf3 6. Qxf3 Ngf6 7. c4 e4 8. Qd1 c6 9. cxd5 cxd5 10. Nc3 a6 11. Rc1 Bd6 12. Ne2 O-O 13. Nd4 g6 14. Be2 Qe7 15. O-O Qe5 16. g3 Qg5 17. Kg2 Ne5 18. h4 Qh6 19. h5 Rae8 20. Rh1 Qg5 21. hxg6 fxg6 22. Rh3 Nfg4 23. Bxg4 Nxg4 24. f4 exf3+ 25. Nxf3 Rxf3 26. Qxf3 Rf8 27. Qe2 Rf2+ 28. Qxf2 Nxf2 29. Kxf2 h5 30. Rf1 Qg4 31. Rfh1 Qf5+ 32. Kg2 Qd3 33. Bc3 Qe2+ 34. Kg1 Qf3 35. g4 Bg3 36. R1h2 Qd1+ 37. Kg2 Bxh2 38. Kxh2 Qe2+ 39. Kh1 Qxg4 40. Kh2 Qe2+ 41. Kg1 b5 42. Rg3 Kh7 43. Rg2 Qe1+ 44. Kh2 g5 45. Be5 Kg6 46. a4 bxa4 47. bxa4 Qh4+ 48. Kg1 Qxa4 0-1

[Event "London op"]
[Site "London CAN"]
[Date "2004.02.12"]
[Round "5"]
[White "Rivas, Edgar"]
[Black "Van der Velde, Bill"]
[Result "0-1"]
[WhiteElo "1762"]
[BlackElo "1821"]
[PlyCount "90"]
[GameId "2160767911208940"]
[EventDate "2004.01.08"]
[EventType "swiss"]
[EventRounds "8"]
[EventCountry "CAN"]

1. e4 c5 2. Nf3 Nc6 3. c3 Nf6 4. e5 Nd5 5. d4 e6 6. c4 Nb6 7. d5 Na5 8. Qc2 exd5 9. cxd5 Nxd5 10. Qd2 Nb4 11. Bb5 a6 12. Ba4 b5 13. Bd1 d5 14. exd6 Qxd6 15. O-O Be6 16. a4 Nc4 17. Qxd6 Nxd6 18. Bf4 bxa4 19. Bxa4+ Bd7 20. Re1+ Kd8 21. Bxd7 Kxd7 22. Ne5+ Kc8 23. Ra5 Nb7 24. Nxf7 Nxa5 25. Re8+ Kb7 26. Rxa8 Kxa8 27. Nxh8 Nd3 28. Bd2 Nc4 29. b3 Nxd2 30. Nxd2 Be7 31. Nf7 Kb7 32. Kf1 Kc6 33. Ke2 Nf4+ 34. Kf3 Ng6 35. Ke4 Kb5 36. g3 Kb4 37. Kd3 Bf6 38. f4 Bc3 39. Ne4 Bd4 40. Nfg5 Kxb3 41. Nf3 a5 42. Nxd4+ cxd4 43. Kxd4 Kb4 44. Nc3 Ne7 45. h4 Nf5+ 0-1